| 000 | 01398nam0a2200397 4500 | ||
|---|---|---|---|
| 001 | RU\NLR\bibl\237880 | ||
| 005 | 20260408183157.0 | ||
| 010 |
_a5-94120-027-7 _92000 |
||
| 021 |
_aRU _b2001-42039 _92001 |
||
| 035 | _a(NLR Aleph) 000233783 | ||
| 090 |
_a1361043 _c1361043 |
||
| 100 | _a20020305d2001 u y0rusy50 ca | ||
| 101 | 0 | _arus | |
| 102 | _aRU | ||
| 105 | _aa ||||||||| | ||
| 200 | 1 |
_aEPCOS: индуктивные компоненты _f[EPCOS] |
|
| 210 |
_aМ. _cДОДЭКА-XXI _d2001 |
||
| 215 |
_a62 с. _cил. _d26 |
||
| 225 | 1 |
_aБиблиотека электронных компонентов _eБЭК _vВып. 21 |
|
| 313 | _aсердечники | ||
| 313 | _aматериалы для ферритовых сердечников | ||
| 606 |
_aСердечники (электр.) ферритовые _jКаталоги _3RU\NLR\auth\661022879 _91639058 |
||
| 610 | 0 | _aСердечники ферритовые - Магнитные элементы | |
| 675 |
_a621.318.13 _v3 _zrus |
||
| 686 |
_a44 _2rugasnti |
||
| 686 |
_a32.843.5 _2rubbk |
||
| 686 | _aЗ26-043я87 | ||
| 686 | _aЗ843.514я87 | ||
| 711 | 0 | 2 |
_a"EPCOS", фирма _3RU\NLR\AUTH\8810024190 _9546535 |
| 801 | 0 |
_aRU _bRKP _c20020305 _gPSBO |
|
| 801 | 1 |
_aRU _bRKP _c20020305 |
|
| 801 | 2 |
_aRU _bNLR _c20020523 _grcr |
|
| 852 |
_aNLR _jПт 20.93/240-21 |
||
| 942 | _cBOOK | ||
| 980 | _aNB | ||